• 首页
  • 本馆介绍
  • 公告通知
  • 最新文献
  • 馆藏检索
  • 电子资源
  • 读者导购
  • 参考咨询
  • 我的图书馆
  • 登录
  • 详细信息显示
  • 放入我的书架
  • 预约/预借图书
  • 作者相关作品
  • 分类相关作品
  • 丛书相关作品
  • 出版社相关作品

书目信息

  • 表格格式
  • 工作单格式
  • 卡片格式
题名:
复变函数与积分变换
    
 
作者: 路线 主编
分册:  
出版信息: 北京   科学出版社  2010
页数: 244页
开本: 24cm
丛书名: 大学数学教学丛书
单 册:
中图分类: O174.5 , O177.6
科图分类:
主题词: 复变函数--高等教育--教材 , 积分变换--高等教育--教材 , 复变函数 , 积分变换
电子资源:
ISBN: 978-7-03-028167-8
000 01007oam2 2200313 450
001 012015000530
005 20150914153524.89
010    @a978-7-03-028167-8@dCNY28.00
100    @a20101013d2010 em y0chiy50 ea
101 0  @achi
102    @aCN@b110000
105    @ay z 001yy
106    @ar
200 1  @a复变函数与积分变换@Afu bian han shu yu ji fen bian huan@f路线主编
210    @a北京@c科学出版社@d2010
215    @a244页@d24cm
225 1  @a大学数学教学丛书
300    @a普通高等教育“十一五”规划教材
330    @a本书内容包括:复数与复变函数、解析函数、复变函数的积分、解析函数的级数表示、留数及其简单的应用、傅里叶变换、拉普拉斯变换及其简单的应用、Z变换及其应用。
461  0 @12001 @a大学数学教学丛书
606 0  @a复变函数@x高等教育@j教材
606 0  @a积分变换@x高等教育@j教材
606 0  @a复变函数
606 0  @a积分变换
690    @aO174.5@v5
690    @aO177.6@v5
701  0 @a路线@Alu xian@4主编
801  0 @aCN@b碧洲教育@c20150716
905    @a10447@f3@dO174.5@e205
    
    复变函数与积分变换/路线主编.-北京:科学出版社,2010
    244页;24cm.-(大学数学教学丛书)
    普通高等教育“十一五”规划教材
    
    ISBN 978-7-03-028167-8:CNY28.00
    本书内容包括:复数与复变函数、解析函数、复变函数的积分、解析函数的级数表示、留数及其简单的应用、傅里叶变换、拉普拉斯变换及其简单的应用、Z变换及其应用。
●
相关链接 在E读中查询图书 在五车中查询图书 在当当中查询图书 在豆瓣中查询图书


正题名:复变函数与积分变换     索取号:O174.5/205         预约/预借

序号 登录号 条形码 馆藏地/架位号 状态 备注
1 0849012   208490122   第二样本阅览室/ [索取号:O174.5/205] 在馆    
2 0849013   208490131   第三借阅区/ [索取号:O174.5/205] 在馆    
3 0849014   208490140   第三借阅区/ [索取号:O174.5/205] 在馆    
唐山师范学院图书馆 欢迎您!
大连网信软件有限公司© 版权所有